Midnights: All Songs - Statistics

General Stats
  • This quiz has been taken 7 times
  • The average score is 20 of 22
Answer Stats
Original Tracks Track No. 3am Tracks % Correct
Original Track 3 Anti-Hero
100%
Original Track 8 Bejeweled
100%
Til Dawn Track 21 Karma
100%
Original Track 9 Labyrinth
100%
Original Track 1 Lavender Haze
100%
Original Track 2 Maroon
100%
Original Track 5 Midnight Rain
100%
3am Track 14 Paris
100%
Original Track 6 Question…?
100%
Original Track 10 Sweet Nothing
100%
3am Track 12 The Great War
100%
Original Track 4 You’re On Your Own Kid
100%
3am Track 13 Bigger Than The Whole Sky
83%
3am Track 18 Dear Reader
83%
3am Track 16 Glitch
83%
3am Track 15 High Infidelity
83%
Original Track 11 Mastermind
83%
Til Dawn Track 20 Snow On The Beach
83%
Original Track 7 Vigilante ****
83%
3am Track 17 Would’ve, Could’ve, Should’ve
83%
Til Dawn Track 22 You’re Losing Me
83%
Til Dawn Track 19 Hits Different
67%
No matching quizzes found
Score Distribution
Percent of People with Each Score
Percentile by Number Answered
Your Score History
You have not taken this quiz